[Event "45th Olympiad 2024"]
[Site "Budapest HUN"]
[Date "2024.09.14"]
[Round "4.26"]
[Board "1"]
[White "Duran Vega, Sergio"]
[Black "Albornoz Cabrera, Carlos Daniel"]
[Result "0-1"]
[WhiteElo "2308"]
[BlackElo "2579"]
[PlyCount "56"]
[EventDate "2024.09.11"]
[WhiteTeam "Costa Rica"]
[BlackTeam "Cuba"]
[WhiteTeamCountry "CRI"]
[BlackTeamCountry "CUB"]

1. c4 e6 2. Nc3 d5 3. d4 Nf6 4. cxd5 exd5 5. Bg5 Be6 6. e3 Nbd7 7. Bd3 c6 8. Nf3 h6 9. Bf4 g5 10. Bg3 Nh5 11. Be5 Nhf6 12. Bg3 Nh5 13. Be5 Nxe5 14. Nxe5 Nf6 15. Qc2 $146 ({RR} 15. O-O Nd7 16. f4 gxf4 17. exf4 Qb6 18. Ne2 Nxe5 19. fxe5 O-O-O 20. Qc2 Kb8 21. Kh1 c5 22. Bf5 cxd4 23. Bxe6 fxe6 24. Qg6 h5 25. Nf4 Bh6 26. Qxe6 Qxe6 27. Nxe6 Rde8 28. Nc5 Rh7 29. Rf5 Be3 {1-0 Miranda Llanes,Y (2262)-Hernandez Gil,I (2143) ch-CUB w 2024 (5.1)}) 15... Bd6 16. Bf5 Qc8 17. Bxe6 Qxe6 18. Nd3 Qg4 19. f3 Qe6 20. Qe2 O-O-O 21. b4 Rhe8 22. Kd2 Nd7 23. Nc5 Qf6 24. Kc2 Nxc5 25. bxc5 Bf4 26. Nd1 Qxd4 27. Qd3 Qxa1 28. exf4 Rd7 0-1

[Event "45th Olympiad 2024"]
[Site "Budapest HUN"]
[Date "2024.09.14"]
[Round "4.26"]
[Board "2"]
[White "Berdayes Ason, Dylan Isidro"]
[Black "Valdes Romero, Leonardo"]
[Result "0-1"]
[WhiteElo "2474"]
[BlackElo "2347"]
[PlyCount "96"]
[EventDate "2024.09.11"]
[WhiteTeam "Cuba"]
[BlackTeam "Costa Rica"]
[WhiteTeamCountry "CUB"]
[BlackTeamCountry "CRI"]

1. d4 Nf6 2. c4 e6 3. Nc3 d5 4. cxd5 exd5 5. Bg5 c6 6. e3 Bd6 7. Bd3 O-O 8. Nf3 Re8 ({RR} 8... Be6 9. Ne5 c5 10. O-O Nc6 11. Nxc6 bxc6 12. dxc5 Bxc5 13. Rc1 h6 14. Bh4 Rc8 15. Na4 Bd6 16. Nc5 Bxc5 17. Rxc5 Qb6 18. Qc1 Nd7 19. Rc3 c5 20. Rd1 Rfe8 21. Bg3 Nf6 22. h3 d4 23. exd4 {½-½ Ding,L (2808)-Xiong,J (2690) Chess.com Rapid Winners 2022 (1.3)}) 9. O-O Bg4 10. Qb3 Na6 ({RR} 10... b6 11. Qc2 h6 12. Bh4 Nbd7 13. Nd2 Bh5 14. Rae1 Qc7 15. Bg3 Bxg3 16. hxg3 Qd6 17. Rc1 c5 18. dxc5 bxc5 19. Bf5 a6 20. Na4 c4 21. b3 cxb3 22. Nxb3 Ne5 23. Nd4 Nc4 24. Nb2 Nxb2 25. Qxb2 {1-0 Berdayes Ason,D (2507)-Ayala Delgado,S (2066) 10th Velez Int Open 2023 (1.1)}) 11. Rfe1 $146 ({RR} 11. a3 Rb8 12. Ne5 Bxe5 13. dxe5 Rxe5 14. Bf4 Nc5 15. Qc2 Rh5 16. Bxb8 Qxb8 17. f4 Qd8 18. b4 Nxd3 19. Qxd3 Bf5 20. Qd4 b6 21. Rae1 Qe7 22. Qe5 Qd8 23. Qd4 Ne4 24. Nxe4 Bxe4 25. f5 Qh4 {½-½ So,W (2778)-Shankland,S (2704) Berlin FIDE GP 3 Pool-C playoff 2022 (2)}) ({RR} 11. Nd2 Nb4 12. Bb1 Rb8 13. a3 Na6 14. e4 h6 15. Bh4 Bf4 16. e5 Bxd2 17. exf6 Bg5 18. Bxg5 hxg5 19. fxg7 Kxg7 20. Qc2 Rh8 21. Qd2 Nc7 22. f4 Qd6 23. h3 Bxh3 24. gxh3 Rxh3 25. Qg2 Rbh8 {½-½ Bluebaum,M (2647)-Dubov,D (2701) Chess.com Speed KO Lose 2024 (1.3)}) 11... Qd7 12. Bxf6 Bxf3 13. Bh4 Bh5 14. Bxa6 bxa6 15. Bg3 Re6 16. Na4 Rae8 17. Bxd6 Qxd6 18. Nc5 Rh6 19. e4 dxe4 20. Nxe4 Rhe6 21. f3 Qxd4+ 22. Kh1 Bg6 23. Red1 Qe5 24. h3 Bxe4 25. fxe4 Qxe4 26. Rac1 h5 27. Qd3 Qe5 28. b3 Qb2 29. Rb1 Qxa2 30. Ra1 Qf2 31. Qxa6 Rg6 32. Rg1 Re2 33. Raf1 Qe3 34. Qc8+ Qe8 35. Qc7 Qe6 36. Qb8+ Kh7 37. Qf4 Qxb3 38. Qf5 Qd5 39. Qxd5 cxd5 40. Rxf7 Rd6 41. Rxa7 d4 42. Ra5 Kh6 43. h4 Re4 44. g3 Re2 45. Rg2 d3 46. Ra1 Rxg2 47. Kxg2 d2 48. Rd1 Kg6 0-1

[Event "45th Olympiad 2024"]
[Site "Budapest HUN"]
[Date "2024.09.14"]
[Round "4.26"]
[Board "3"]
[White "Jimenez Garcia, Emmanuel"]
[Black "Miranda Mesa, Elier"]
[Result "1/2-1/2"]
[WhiteElo "2352"]
[BlackElo "2512"]
[PlyCount "48"]
[EventDate "2024.09.11"]
[WhiteTeam "Costa Rica"]
[BlackTeam "Cuba"]
[WhiteTeamCountry "CRI"]
[BlackTeamCountry "CUB"]

1. Nf3 d5 2. g3 c6 3. Bg2 Bg4 4. c4 e6 5. Qb3 Qb6 6. d3 Nd7 7. Be3 Qxb3 8. axb3 a6 9. h3 ({RR} 9. Nc3 Ngf6 10. cxd5 exd5 11. h3 Be6 12. Nd4 Bc5 13. Nc2 Bxe3 14. fxe3 O-O 15. b4 Nb6 16. Kd2 Nfd7 17. g4 Ne5 18. Nd4 Bd7 19. Rhf1 Rae8 20. Nb3 Bc8 21. Nc5 Ned7 22. e4 d4 23. Na2 Ne5 {0-1 Gutkin,I (2300)-Onufrienko,V (2046) Titled Tue 6th Feb Early 2024 (8)}) 9... Bh5 10. g4 Bg6 11. Nh4 Bd6 $146 ({RR} 11... Bb4+ 12. Bd2 Bxd2+ 13. Nxd2 Ne7 14. b4 O-O 15. f4 f6 16. Nxg6 hxg6 17. h4 Kf7 18. Kf2 Rh8 19. Kg3 e5 20. Rhf1 Ke6 21. Nf3 exf4+ 22. Kxf4 Ne5 23. Nxe5 fxe5+ 24. Kg5 Rhf8 25. h5 gxh5 26. gxh5 {1-0 Nicula,M (2190)-Turcotte,J (1995) Laval op 2014 (2)}) 12. Bd4 f6 13. Nxg6 hxg6 14. Bc3 Ne7 15. Nd2 Kf7 16. e3 Rad8 17. f4 Rhe8 18. O-O Kg8 19. b4 Bc7 20. Nb3 Bb6 21. Bd4 Bc7 22. Bc3 Bb6 23. Bd4 Bc7 24. Bc3 Bb6 1/2-1/2

[Event "45th Olympiad 2024"]
[Site "Budapest HUN"]
[Date "2024.09.14"]
[Round "4.26"]
[Board "4"]
[White "Almeida Quintana, Omar"]
[Black "Cabezas Solano, David Alejandro"]
[Result "1-0"]
[WhiteElo "2492"]
[BlackElo "2248"]
[PlyCount "135"]
[EventDate "2024.09.11"]
[WhiteTeam "Cuba"]
[BlackTeam "Costa Rica"]
[WhiteTeamCountry "CUB"]
[BlackTeamCountry "CRI"]

1. Nf3 d5 2. g3 Nf6 3. Bg2 e6 4. O-O Be7 5. c4 O-O 6. b3 d4 7. e3 c5 8. exd4 cxd4 9. d3 Nc6 10. Re1 Bb4 11. Re2 a5 12. Na3 Nd7 13. Nb5 e5 14. a3 Be7 15. Rb1 f6 16. Reb2 $146 ({RR} 16. Qd2 Nb6 17. Re1 Kh8 18. Qc2 Bg4 19. Bd2 Qd7 20. Kh1 Bh3 21. Qd1 Bxg2+ 22. Kxg2 Rae8 23. Kg1 Bd8 24. b4 axb4 25. Bxb4 Nxb4 26. Rxb4 Be7 27. Rb1 Bc5 28. Nd2 Ra8 29. Qf3 Na4 30. Rec1 Rfd8 {1-0 Braun,G (2398)-Colpe,M (2363) GER-ch 93rd Magdeburg 2022 (4)}) 16... Nb6 17. Nd2 Bf5 18. Ne4 Qd7 19. f4 Bg6 20. fxe5 Nxe5 21. Bf4 Rad8 22. Bxe5 fxe5 23. Qe1 Nd5 24. Nc5 Bxc5 25. Bxd5+ Kh8 26. Be4 Qg4 27. Re2 Bh5 28. Rbb2 Be7 29. Kg2 Bg5 30. h3 Qc8 31. g4 Be8 32. Qxa5 h5 33. Qc7 Qe6 34. Rf2 Bxb5 35. cxb5 hxg4 36. Rxf8+ Rxf8 37. Rf2 gxh3+ 38. Kf1 Rc8 39. Qxb7 Rc1+ 40. Ke2 Qg4+ 41. Bf3 Rc2+ 42. Kf1 Rc1+ 43. Ke2 Qh4 44. Qa8+ Bd8 45. Rf1 Rc2+ 46. Kd1 Ra2 47. Rh1 h2 48. Kc1 Qg5+ 49. Kb1 Rf2 50. Rc1 Kh7 51. Be4+ g6 52. Qc6 Kh6 53. b6 Kh5 54. b7 Qd2 55. Qc2 Qxc2+ 56. Rxc2 Rxc2 57. b8=Q Re2 58. Bf3+ Kh4 59. Qxd8+ Kg3 60. Qd5 Re1+ 61. Kc2 Kf2 62. b4 g5 63. Bh1 Re2+ 64. Kb3 Kg1 65. Qf3 Rd2 66. b5 g4 67. Qxg4+ Kxh1 68. Qe4+ 1-0

[Event "45th Olympiad 2024"]
[Site "Budapest HUN"]
[Date "2024.09.14"]
[Round "4.27"]
[Board "1"]
[White "Xie, Felix"]
[Black "Kuybokarov, Temur"]
[Result "1-0"]
[WhiteElo "2320"]
[BlackElo "2562"]
[PlyCount "61"]
[EventDate "2024.09.11"]
[WhiteTeam "New Zealand"]
[BlackTeam "Australia"]
[WhiteTeamCountry "NZL"]
[BlackTeamCountry "AUS"]

1. e4 e5 2. Nf3 Nc6 3. Nc3 Nf6 4. h3 g6 5. Bc4 Bg7 6. d3 d6 7. a4 ({RR} 7. a3 O-O 8. Be3 Nd7 9. Qd2 Nb6 10. Ba2 Nd4 11. Bxd4 exd4 12. Ne2 d5 13. exd5 Nxd5 14. O-O c5 15. Ng3 b6 16. Rae1 Bb7 17. Re2 Qb8 18. Ne4 Nf4 19. Ree1 Qc7 20. h4 Rae8 21. Neg5 Rxe1 {0-1 Martinez Alcantara,J (2607)-Vachier Lagrave,M (2736) Titled Tue 7th Mar Late 2023 (9)}) 7... O-O 8. O-O h6 9. Re1 $146 ({RR} 9. Be3 Kh7 10. Qd2 Na5 11. Ba2 c5 12. Nh2 Nc6 13. f4 exf4 14. Bxf4 Nh5 15. Be3 Ne5 16. Nd5 f5 17. exf5 gxf5 18. Nf4 Nxf4 19. Bxf4 Ng6 20. c3 Bd7 21. Bxd6 Rf6 22. Bxc5 Bxa4 23. Bd4 Rf8 {1-0 Kilic,E (2429)-Venkatesh,M (2382) Titled Tue 23rd Apr Early 2024 (1)}) ({RR} 9. a5 a6 10. Re1 Be6 11. Be3 d5 12. exd5 Nxd5 13. Nxd5 Bxd5 14. Nd2 f5 15. f3 Kh7 16. Qb1 Bxc4 17. Nxc4 Qd5 18. Qa2 Rae8 19. Rad1 Qb5 20. Bf2 Rf6 21. Re2 Rfe6 22. Rde1 Nb4 23. Qb3 Nd5 {0-1 Mammadov,Z (2426)-Petriashvili,N (2463) TCh-TUR Super League 2024 (1.44)}) 9... Na5 10. Ba2 c5 11. Nd5 Nc6 12. Ne3 Kh8 13. c3 Nh7 14. Nd5 Be6 15. Bd2 Qd7 16. Kh2 f5 17. b4 Qf7 18. b5 Nd8 19. Nh4 Bf6 20. exf5 gxf5 21. Nxf6 Qxf6 22. Qh5 Kg7 23. d4 Bd7 24. dxe5 dxe5 25. g3 Nf7 26. Bd5 Nd6 27. Rxe5 Ng5 28. Re7+ Qxe7 29. Qg6+ Kh8 30. Qxh6+ Qh7 31. Ng6# 1-0

[Event "45th Olympiad 2024"]
[Site "Budapest HUN"]
[Date "2024.09.14"]
[Round "4.27"]
[Board "2"]
[White "Cheng, Bobby"]
[Black "Renjith, Sravan"]
[Result "1-0"]
[WhiteElo "2588"]
[BlackElo "2325"]
[PlyCount "89"]
[EventDate "2024.09.11"]
[WhiteTeam "Australia"]
[BlackTeam "New Zealand"]
[WhiteTeamCountry "AUS"]
[BlackTeamCountry "NZL"]

1. d4 d5 2. c4 e6 3. Nf3 c5 4. cxd5 exd5 5. g3 Nf6 6. Bg2 Nc6 7. O-O Be7 8. Nc3 O-O 9. Bg5 c4 10. Rc1 Be6 11. b3 cxb3 12. Qxb3 Na5 13. Qb1 Rc8 14. Bxf6 Bxf6 15. e3 $146 ({RR} 15. e4 dxe4 16. Nxe4 Be7 17. Rxc8 Qxc8 18. Rc1 Qd8 19. Nc3 g6 20. Qe4 Bf5 21. Qd5 a6 22. Ne5 Kg7 23. g4 Bc8 24. Qxd8 Rxd8 25. Nd5 Bd6 26. h3 Be6 27. Nc4 Nxc4 28. Rxc4 Bf8 29. Rc7 Bxd5 {0-1 Vijay,R (1351)-Teo,H (1872) 74th ch-SGP 2023 (1.16)}) 15... Qe7 16. Nd2 Qd7 17. Qb5 Qxb5 18. Nxb5 Nc6 19. Nb3 Be7 20. Nc5 a6 21. Nxe6 fxe6 22. Nc3 Ba3 23. Rb1 b5 24. Ne2 Nd8 25. Nf4 Rc2 26. Rfe1 g5 27. Re2 Rc3 28. Nh3 h6 29. f4 Nc6 30. Nf2 Rc8 31. f5 Ne7 32. fxe6 Rc2 33. Rxc2 Rxc2 34. Ng4 Rxa2 35. Rf1 h5 36. Nf6+ Kh8 37. Nxh5 Ng8 38. Bxd5 Re2 39. Rf7 Rxe3 40. Kf2 Bc1 41. g4 b4 42. Ba2 Nh6 43. Rf8+ Ng8 44. e7 b3 45. Bxb3 1-0

[Event "45th Olympiad 2024"]
[Site "Budapest HUN"]
[Date "2024.09.14"]
[Round "4.27"]
[Board "3"]
[White "Croad, Nicolas"]
[Black "Sardana, Rishi"]
[Result "0-1"]
[WhiteElo "2195"]
[BlackElo "2477"]
[PlyCount "56"]
[EventDate "2024.09.11"]
[WhiteTeam "New Zealand"]
[BlackTeam "Australia"]
[WhiteTeamCountry "NZL"]
[BlackTeamCountry "AUS"]

1. d4 Nf6 2. c4 e6 3. Nc3 Bb4 4. e3 O-O 5. Bd3 d5 6. Nge2 Re8 7. O-O b6 8. a3 Bd6 9. e4 dxe4 10. Nxe4 Nxe4 11. Bxe4 Bxh2+ 12. Kxh2 Qh4+ 13. Kg1 Qxe4 14. Re1 $146 ({RR} 14. Ng3 Qc6 15. Qd3 Bb7 16. f3 Ba6 17. b3 b5 18. d5 bxc4 19. dxc6 cxd3 20. Bf4 e5 21. Be3 Nxc6 22. Rfc1 Na5 23. Rxc7 Nxb3 24. Rd1 Rec8 25. Rxa7 Rxa7 26. Bxa7 d2 27. Be3 Rc1 28. Rxc1 dxc1=Q+ {0-1 Bulmaga,E (1654)-Videnova,I (2197) Vratsa op (Women) 2009 (1)}) 14... Nc6 15. f3 Qh4 16. Bf4 Ba6 17. Bg3 Qg5 18. Qa4 Bb7 19. Rad1 Ne7 20. Bf4 Qg6 21. Kf2 Nf5 22. Rh1 c5 23. Rh3 cxd4 24. g4 Ne3 25. Rxd4 e5 26. Bxe3 exd4 27. Nxd4 Qd3 28. f4 Rxe3 0-1

[Event "45th Olympiad 2024"]
[Site "Budapest HUN"]
[Date "2024.09.14"]
[Round "4.27"]
[Board "4"]
[White "Smerdon, David C"]
[Black "Gong, Daniel Hanwen"]
[Result "1/2-1/2"]
[WhiteElo "2475"]
[BlackElo "2240"]
[PlyCount "129"]
[EventDate "2024.09.11"]
[WhiteTeam "Australia"]
[BlackTeam "New Zealand"]
[WhiteTeamCountry "AUS"]
[BlackTeamCountry "NZL"]

1. e4 e5 2. Nf3 Nf6 3. d4 Nxe4 4. Bd3 d5 5. Nxe5 Nd7 6. Nc3 Bb4 7. O-O Nxe5 8. dxe5 Bxc3 ({RR} 8... Nxc3 9. bxc3 Bxc3 10. Rb1 O-O 11. Bxh7+ Kxh7 12. Qd3+ Kg8 13. Qxc3 a5 14. Rd1 Ra6 15. Rb5 Rc6 16. Qd3 Be6 17. Rxb7 Qh4 18. Rb3 Qe4 19. Rc3 Rxc3 20. Qxc3 c5 21. Re1 Qb4 22. Qxb4 axb4 23. a3 {½-½ Abdusattorov,N (2727)-Nakamura,H (2788) CCT Final Survival Loser 2023 (2.1)}) ({RR} 8... Nxc3 9. bxc3 Bxc3 10. Rb1 O-O 11. Bxh7+ Kxh7 12. Qd3+ Kg8 13. Qxc3 a5 14. f4 d4 15. Qd3 Re8 16. Bd2 Ra6 17. Rbe1 Qd5 18. f5 f6 19. e6 Bxe6 20. fxe6 Raxe6 21. Rxe6 Rxe6 22. c4 Qd7 23. Qf5 {0-1 Perez Ponsa,F (2538)-Paravyan,D (2612) Titled Tue 6th Feb Early 2024 (8)}) 9. bxc3 Be6 10. Qe1 $146 ({RR} 10. c4 Nc5 11. cxd5 Qxd5 12. Bb5+ c6 13. Qxd5 Bxd5 14. Be2 O-O-O 15. Be3 b6 16. a4 Nb7 17. c4 Be6 18. f4 g6 19. g4 c5 20. Rac1 Na5 21. Rc3 Bd7 22. Kf2 h5 23. gxh5 gxh5 24. Rg1 Bg4 {0-1 Grachev,A (2366)-Bezgodov,A (2438) Cheliabinsk Variation-A 2022 (8)}) 10... Nc5 11. Bb5+ c6 12. Ba3 Qa5 13. Bxc5 Qxb5 14. Qe3 b6 15. Bd6 O-O-O 16. a4 Qa6 17. a5 b5 18. h3 h5 19. Rfb1 Rhg8 20. Rb4 Rd7 21. Rh4 g6 22. Kh2 Qb7 23. Qg5 Rdd8 24. Rf4 Qd7 25. Rf6 Rh8 26. Rd1 Kb7 27. Rd4 Ka6 28. Qe3 Rhe8 29. Rdf4 Rh8 30. Qc5 Rc8 31. Kg1 Rh7 32. Kf1 Rhh8 33. Ke1 Rh7 34. Kd1 Rhh8 35. Ke1 Rh7 36. Ke2 Rhh8 37. Kd1 Rh7 38. Kd2 Rhh8 39. Kc1 Rh7 40. Kb1 Rhh8 41. Kc1 Rh7 42. Kb2 Rhh8 43. Rf3 Rh7 44. Rg3 Rhh8 45. Rgf3 Rh7 46. R3f4 Rhh8 47. Rh4 Qd8 48. f4 Qxa5 49. g4 d4 50. cxd4 g5 51. f5 Qa2+ 52. Kc1 Bc4 53. Rxh5 Rhd8 54. Qa3+ Qxa3+ 55. Bxa3 Rxd4 56. e6 fxe6 57. fxe6 b4 58. Bxb4 Bxe6 59. Rxe6 Rxb4 60. Rxg5 Kb6 61. h4 a5 62. h5 a4 63. Re3 Rf8 64. Rf5 Ra8 65. Rff3 1/2-1/2

[Event "45th Olympiad 2024"]
[Site "Budapest HUN"]
[Date "2024.09.14"]
[Round "4.28"]
[Board "1"]
[White "Bogner, Sebastian"]
[Black "Camacho Collados, Jose"]
[Result "1-0"]
[WhiteElo "2545"]
[BlackElo "2352"]
[PlyCount "75"]
[EventDate "2024.09.11"]
[WhiteTeam "Switzerland"]
[BlackTeam "Wales"]
[WhiteTeamCountry "SUI"]
[BlackTeamCountry "WLS"]

1. d4 {Sumets,Andrey} Nf6 2. c4 e6 3. Nf3 d5 4. Nc3 Bb4 5. cxd5 exd5 6. Bg5 h6 7. Bh4 Nbd7 8. Qc2 ({RR} 8. e3 g5 ({RR} 8... c5 9. Bd3 Qa5 ({RR} 9... c4 10. Bf5 Nb6 11. Bc2 Qe7 12. Nd2 ({RR} 12. O-O O-O 13. Ne5) 12... O-O 13. O-O Re8 14. a3 Bxc3 15. bxc3 Qe6 16. Bxf6 Qxf6 17. a4 Bf5 18. Bxf5 Qxf5 19. Qb1 Qd7) 10. Qc2 g5 11. Bg3 c4 12. Bf5 O-O 13. O-O Re8 14. h4 Bxc3 15. bxc3 Ne4 16. hxg5 hxg5 17. Bxe4 dxe4 18. Nd2) 9. Bg3 Ne4 10. Nd2 ({RR} 10. Qc2 Nb6 11. Bd3 Nxg3 12. hxg3 Be6 13. Ne5 ({RR} 13. a3 Bd6 14. Nb5) 13... Qe7 14. f4 O-O-O 15. O-O Kb8 16. a3 Bd6 17. a4 gxf4 18. gxf4 Rhg8) 10... Nxg3 ({RR} 10... Nxc3 11. bxc3 Bxc3 12. Rc1 Ba5 13. h4) 11. fxg3 ({RR} 11. hxg3 Nb6 ({RR} 11... c6 12. Bd3 Nb6 13. Qc2 Be6 14. O-O-O Qf6 15. f4 O-O-O 16. Nf3 Kb8 17. Kb1 Qg7 18. Rhe1 ({RR} 18. f5 Bc8 19. g4 Rhe8 20. e4) 18... Rhe8 19. Re2 Bg4 ({RR} 19... f6)) 12. a3 Bd6 ({RR} 12... Bf8 13. Bd3 c6 14. Qc2 Be6 15. O-O-O Qe7 16. Nb3 O-O-O 17. Nc5 Kb8 18. Kb1 Bg7 19. Rc1 h5) 13. Qc2 c6 14. e4 dxe4 15. Ndxe4 Be6 16. O-O-O Qe7 17. Nxd6+ Qxd6 18. Ne4 Qe7 19. Qc5 Qxc5+ 20. dxc5 Nd7 21. Nxg5 ({RR} 21. Nd6+ Ke7 22. Nxb7 a5) 21... Bd5 22. Nh3 ({RR} 22. b4 a5 23. Bd3 axb4 24. axb4 Bxg2 25. Rhe1+ Kf8 26. Bc4) 22... Nxc5 23. Nf4 Bb3 24. Re1+) 11... Nb6 12. Bd3 Qe7 13. Qf3 Be6 14. a3 ({RR} 14. O-O O-O-O 15. Rac1 Kb8 16. a3 Bxc3 17. Rxc3 Na4 18. Rc2 Bg4 19. Qf2 Rhe8 20. Re1 Nb6) 14... Bxc3 15. bxc3 O-O-O ({RR} 15... O-O 16. O-O f5 17. h4 Rae8 18. Rae1 Kg7) 16. a4 Bd7 ({RR} 16... Kb8 17. a5 Nc8 18. Nb3 Nd6 19. Nc5) ({RR} 16... a5 17. O-O ({RR} 17. Nb3 Rhe8 18. Nxa5 Kb8 19. O-O Bg4) 17... Kb8 18. Nb3 Bc8 19. Qf2 ({RR} 19. Nxa5 Rhe8 20. Rfe1 ({RR} 20. Rae1 Qa3) 20... Rd6 21. Nb3 Rf6 22. Qe2 Re6 23. Nc5 Rxe3 24. Qxe3 Qxe3+ 25. Rxe3 Rxe3 26. Kf2 Re7 27. Rb1 Ka7) 19... Rhe8 20. Rae1 Nxa4 ({RR} 20... Qa3 21. Nc5) 21. Nxa5 Rd6 ({RR} 21... Nxc3 22. Qb2) 22. c4) 17. a5 ({RR} 17. O-O Nxa4 ({RR} 17... Kb8 18. a5 Na4 19. c4 Nb2 20. Qe2 Rhe8) 18. c4 Qb4 19. Qf2 Kb8 20. cxd5 f5 21. Nf3) 17... Na4 18. a6 Rhe8 ({RR} 18... b5 19. O-O Rhe8 20. Rfe1 ({RR} 20. e4 Nxc3 21. e5 Qb4 22. Qe3 c5 23. dxc5 Be6 24. Rac1 d4 25. Qf3 Bd5 26. Be4 Nxe4 27. Nxe4 Rxe5 28. Nd6+ Kc7 29. Qd3 Rxd6 30. cxd6+ Kxd6) 20... Nxc3 21. Rac1 Ne4 22. Nb3) 19. Kf2 Kb8 20. Rhe1 ({RR} 20. axb7 Bg4) 20... Nxc3 21. axb7 Qb4 22. Kg1 ({RR} 22. Nf1 c5 23. Kg1 ({RR} 23. dxc5 Bg4) 23... cxd4 24. Kh1 Re6 25. Qxf7 Qf8 26. Qxf8 Rxf8 27. exd4 Rxe1 28. Rxe1 a5) 22... Qb2 {1-0 Carlsen,M (2881)-Aronian,L (2815) Norway Chess 2nd 2014 (5)} {RR} 23. Qf2 Re6 24. Rac1 Rde8 25. Nf3 Qxf2+ 26. Kxf2 Ne4+ 27. Bxe4 dxe4 28. Ne5 Bb5 29. Rc5 a6) 8... g5 9. Bg3 Ne4 10. Nd2 Nxc3 $146 ({RR} 10... Nxg3 11. hxg3 Nb6 12. a3 Bf8 13. e3 c6 14. Bd3 Be6 15. O-O-O Qe7 16. Nb3 O-O-O 17. Kb1 Kb8 18. Rc1 h5 19. Nc5 h4 20. Ne2 Bc8 21. gxh4 Rxh4 22. Rxh4 gxh4 23. Bf5 Qg5 24. Bxc8 Rxc8 25. Nf4 {½-½ Visakh,N (2506)-Parligras,M (2579) FRA-chT Top 16 GpA 2022 (4.1)}) ({RR} 10... Nxg3 11. hxg3 c6 12. a3 Bxc3 13. bxc3 Nf6 14. e3 Qe7 15. Bd3 Be6 16. Nf3 Nd7 17. c4 Kf8 18. O-O dxc4 19. Bxc4 Kg7 20. Rfe1 Bxc4 21. Qxc4 Rac8 22. e4 Nf6 23. e5 Nd5 24. Nd2 Nb6 25. Qd3 {0-1 Schmid,C (2037)-Hobson,K (2120) Basel Easter Master 2024 (6.15)}) ({RR} 10... Bxc3 11. bxc3 Nxg3 12. hxg3 Nf6 13. e3 Kf8 14. Bd3 Qe7 15. c4 dxc4 16. Nxc4 c5 17. dxc5 Qxc5 18. Qb2 Kg7 19. Nd2 Qb6 20. Qxb6 axb6 21. Bc4 Ng4 22. Ke2 Ne5 {½-½ Bluebaum,M (2642)-Nisipeanu,L (2687) Bundesliga 1617 2016 (11.8)}) 11. bxc3 Be7 12. e3 Nb6 13. a4 a5 14. Bd3 Be6 15. Be5 Bf6 16. f4 Bxe5 17. fxe5 g4 18. O-O Qg5 19. Rf4 h5 20. Bb5+ Kf8 21. Raf1 Kg7 22. Nb3 c6 23. Qf2 Rh6 24. Bd3 Nxa4 25. Bf5 Rg8 26. Qe1 Kh8 27. Nxa5 Nb2 28. Nxb7 Nc4 29. Bd3 g3 30. h4 Qe7 31. Bxc4 Qxb7 32. Bd3 Qb2 33. R1f3 Bh3 34. Rxg3 Rxg3 35. Qxg3 Bg4 36. Rxf7 Qxc3 37. e6 Qa1+ 38. Kh2 1-0

[Event "45th Olympiad 2024"]
[Site "Budapest HUN"]
[Date "2024.09.14"]
[Round "4.28"]
[Board "2"]
[White "Kozusek, Daniel"]
[Black "Peng, Li Min"]
[Result "0-1"]
[WhiteElo "2367"]
[BlackElo "2514"]
[PlyCount "66"]
[EventDate "2024.09.11"]
[WhiteTeam "Wales"]
[BlackTeam "Switzerland"]
[WhiteTeamCountry "WLS"]
[BlackTeamCountry "SUI"]

1. c4 {Nepomniachtchi,Ian} Nf6 2. Nc3 d5 3. e3 e6 4. Nf3 a6 ({RR} 4... c5) ({RR} 4... Be7) 5. b3 Bd6 ({RR} 5... c5 6. Bb2 Nc6) 6. Bb2 O-O 7. Qc2 ({RR} 7. g4 Nxg4 ({RR} 7... Nc6 8. g5 Ne4 9. Rg1) ({RR} 7... dxc4 8. g5 Nfd7 9. Bxc4 Nc6 10. Ne4) 8. Rg1 f5 ({RR} 8... Nf6 9. cxd5 e5 10. Qc2 Bg4 11. Ng5 ({RR} 11. Be2 Nbd7 12. O-O-O) 11... Bh5 12. Bd3 g6 13. Nce4 ({RR} 13. Nge4 Nbd7) 13... Nxd5 ({RR} 13... Nbd7 14. Ng3) 14. Bc4 Nb6 15. Nxh7 Kxh7 16. Ng5+ Kh6 17. Be2 Qe8 ({RR} 17... Qxg5 18. Rxg5 Kxg5 19. f4+) 18. Bxh5 Kxh5 19. f4 N8d7 20. O-O-O Kh6 21. f5 Kg7 22. d4) 9. cxd5 e5 10. h3 Nf6 11. Ng5 Qe7 12. Qf3 ({RR} 12. Ne6 Bxe6 13. dxe6 Nc6 14. Qf3) 12... Kh8 ({RR} 12... e4 13. Qg2 Nbd7 14. O-O-O ({RR} 14. Ne6 Rf7) 14... Ne5 15. d3 ({RR} 15. Kb1 Bd7 16. Be2 Rae8 17. f4 exf3 18. Nxf3 Nxf3 19. Bxf3 Rf7) 15... Nxd3+ 16. Bxd3 exd3 17. Rxd3 g6 18. h4 Bd7 19. Kb1 Rae8 20. f3) 13. Ne6 Bxe6 ({RR} 13... Rg8 14. Qxf5 c6 ({RR} 14... Nc6 15. Qf3 Nb4 16. Rc1) 15. f4 ({RR} 15. e4 cxd5 16. exd5 Nc6) 15... cxd5 ({RR} 15... Nbd7 16. Bc4 b5 17. dxc6 bxc4 18. cxd7 Bxd7 19. fxe5 Bxe6 20. exd6 Qxd6 21. Ne4 Qh2 22. Qg5 h6 23. Qg6 Bf7 24. Qg3 Qxg3+ 25. Nxg3) 16. fxe5 Bxe5 17. Qxe5 Bxe6 18. Ne2 Nc6 19. Qg5) ({RR} 13... Rf7 14. Qxf5 Nxd5 15. Nxd5 Qxe6 16. Qxe6 Bxe6 17. Bc4 Ra7 18. Nb6 Bxc4 19. Nxc4 Nc6 20. Ke2 Ra8 21. Raf1 Kg8 22. f4) 14. dxe6 Qxe6 ({RR} 14... Nc6 15. Qxf5) 15. Qxb7 Nbd7 16. Bc4 ({RR} 16. O-O-O Qe7 17. Kb1 Ba3 18. Ba1 Nb6) ({RR} 16. Bxa6 e4 17. Bc4 Qe8 ({RR} 17... Qe5 18. f4 exf3 19. Qxf3 Ba3 20. Bxa3 Rxa3 21. Qg3) 18. Qc6 ({RR} 18. Qb5 Rb8 19. Qxf5 Ne5) ({RR} 18. Nb5 Qe7 ({RR} 18... Bh2 19. Rg2 Nc5 20. Bxf6 Rxf6 21. Nxc7 Nxb7 22. Nxe8 Be5 23. Nxf6 Bxa1 24. Nd5) 19. Nxd6 Qxd6 20. Qd5 ({RR} 20. Qb5 c5 21. Qb7 Rfb8 22. Qd5 Qxd5 23. Bxd5 Nxd5 24. Bxg7+ Kg8 25. Be5+ Kf8 26. Bxb8 Rxb8 27. Rg5 Ne7) 20... Qxd5 21. Bxd5 Nxd5 22. Bxg7+ Kg8 23. Bxf8+ Kxf8 24. Rg5 Ne7) 18... Rb8 19. f4 exf3 20. Qxf3 Ne5 21. Qg2 Qe7 22. Be2) 16... Qe7 17. Qg2 Nb6 18. Be2 a5 19. Bb5 ({RR} 19. Qg5 a4 ({RR} 19... g6 20. h4) 20. Rc1 ({RR} 20. Qxf5 a3 21. Bc1 e4) ({RR} 20. bxa4 Nxa4 21. Nxa4 Rxa4) 20... axb3 21. axb3 g6 22. h4 Qe6 23. h5 Rg8) 19... Rad8 20. Qg5 g6 ({RR} 20... f4 21. O-O-O h6 22. Qg6 Ba3 23. Bxa3 Qxa3+ 24. Kb1 Qe7 25. exf4 ({RR} 25. Bd3 a4 26. exf4 exf4) 25... e4 ({RR} 25... exf4 26. Rde1 Qf7 27. Qxf7 Rxf7 28. Kc2) 26. f3 exf3 27. Rde1 Qf7 28. Qxf7 Rxf7 29. Rgf1 Rxd2 30. Rxf3) 21. Qh6 Ng8 {1-0 Nepomniachtchi,I (2729)-Anand,V (2782) London Classic 9th 2017 (7)}) 7... c5 ({RR} 7... Re8 8. d4 b6 9. cxd5 exd5 10. g3 Bb7 11. Bg2 Nbd7 12. O-O h6 13. Nh4 Rc8 14. Rad1 c6 15. Rfe1 a5 16. a4 Bb4 17. Nf3 Ne4 18. Nd2 Nxd2 19. Rxd2 Nf6 20. Rc1 Ba6 21. Rdd1 Qe7 22. Ne2 {1-0 Barp,A (2452)-Bardyk,A (2277) Titled Tue 6th Aug Early 2024 (8)}) 8. g4 Nc6 $146 ({RR} 8... d4 9. exd4 cxd4 10. Nxd4 e5 11. Nf5 Nc6 12. g5 Bxf5 13. Qxf5 Nd4 14. Qd3 Nh5 15. Nd5 Qxg5 16. O-O-O Rfe8 17. Be2 Nf4 18. Nxf4 Qxf4 19. Bxd4 exd4 20. Bf3 Re7 21. Rhg1 Rae8 22. Rg4 Qf6 23. Bd5 {1-0 Kosakowski,J (2442)-Hansen,E (2606) Titled Tuesday intern op 01st Feb-A blitz 2022 (3)}) 9. g5 Nh5 10. cxd5 Nb4 11. Qb1 exd5 12. a3 d4 13. axb4 dxc3 14. Bxc3 cxb4 15. Bd4 Re8 16. Be2 Bf8 17. Ne5 Nf4 18. Bc4 Be6 19. Qe4 Bxc4 20. bxc4 Ng6 21. f4 Qc7 22. Bb2 a5 23. O-O a4 24. Rfb1 Ra5 25. Qc2 b5 26. c5 Nxe5 27. Bxe5 Qxc5 28. Qxc5 Bxc5 29. d4 Bf8 30. d5 f6 31. Bc7 Ra6 32. d6 Rxd6 33. Rxb4 Rd7 0-1